Statistics for Mario Kart 7 items

Click here to take the quiz!

General Stats

  • This quiz has been taken 1,130 times
    (1,129 since last reset)
  • The average score is 8 of 14

Answer Stats

HintAnswer% Correct
An item that can make racers slipBanana
98%
Speed BoostMushroom
92%
A weapon that chases a racerRed Shell
89%
A shootable weaponGreen Shell
85%
InvincibilityStar
85%
Shrinks enemiesLightning
76%
Shoots dozens of fire ballsFire Flower
53%
A speed boost that can hurt enemiesBullet Bill
52%
Explodes once thrown at other racersBob-omb
45%
Speed Boost for a portion of timeGold Mushroom
35%
Hits 1st place every timeSpiny Shell
34%
7 items at one timeLucky 7
34%
Collectable items for more karts/wheels and more speedCoin
23%
Grows a weapon that can also avoid bananas and shellsSuper Leaf
15%

Score Distribution

Percentile by Number Answered

Percent of People with Each Score

Your Score History

You have not taken this quiz since the last reset